| 000 | 01008nam a22003137a 4500 | ||
|---|---|---|---|
| 003 | CHAP | ||
| 005 | 20220329133502.0 | ||
| 008 | 971013s r 00010 d | ||
| 010 | _a6929 | ||
| 011 | _a7901 | ||
| 035 | _a7126 | ||
| 040 | _cCHAP | ||
| 090 | _aR-3440 | ||
| 100 | 0 | 0 |
_aAllotey, J. _94451 |
| 245 | _aDevelopment and fecundity of the rice moth Corcyra cephalonica (Pyralidae) on stored maize and groundnut | ||
| 500 | _aSobretiro de : Discovery and Innovation 3(4): 123-126,1991 | ||
| 590 |
_aBATCH-UPD _b10 _c20130110 _lUCH01 _h1831 |
||
| 590 |
_aBATCH-UPD _b10 _c20130410 _lUCH01 _h1203 |
||
| 590 |
_aBATCH-UPD _b10 _c20130914 _lUCH01 _h0801 |
||
| 590 |
_aCONVERSION _b10 _c20130109 _lUCH01 _h1305 |
||
| 650 | 1 | 4 |
_aCacahuate _xPlagas. _916894 |
| 650 | 1 | 4 |
_aCorcyra cephalonica. _927937 |
| 650 | 1 | 4 |
_aMaĆz _xPlagas. _971034 |
| 650 | 1 | 4 |
_aPolillas. _990234 |
| 901 | _aBK | ||
| 942 | _cFOLL | ||
| 949 |
_aR-3440 _bBC _cR _d-16937 _eTS1 _i7126 _si |
||
| 949 |
_aR-3440 _bBC _cR _d-16938 _eTS2 _fc.2 _i7126 _si |
||
| 999 |
_c6929 _d6929 |
||